| 000 | 01538nam a2200373 a 4500 | ||
|---|---|---|---|
| 001 | 000004418 | ||
| 003 | DO-SdBNP | ||
| 005 | 20260321073638.0 | ||
| 007 | ta | ||
| 008 | 090721s1998 dr 000 0 spa d | ||
| 040 |
_aDO-SdBNP _bspa _cBNPHU _erda |
||
| 041 | _aspa | ||
| 082 | 4 |
_a320.9729 _bB742p 1998 _222 |
|
| 100 | 1 |
_a Bosch, Juan, _d1909-2001 _eautor _4aut. _976555 |
|
| 245 | 1 | 0 |
_aPóker de espanto en el Caribe / _cJuan Bosch. |
| 250 | _aCuarta edición | ||
| 264 | 1 |
_aSanto Domingo > _bAlfa & Omega, _c1998. |
|
| 300 |
_a217 páginas ; _c22 cm. |
||
| 336 |
_atexto _btxt _2rdacontent |
||
| 337 |
_asin mediación _bn _2rdamedia |
||
| 338 |
_avolumen _bnc _2rdacarrier |
||
| 505 | 0 |
_aHistoria de este libro -- _aIntroducción -- _aRafael Leonidas Trujillo, la Carta Dominicana -- _aAnastasio Somoza, la Carta Nicaraguense -- _aMarco Pérez Jiménez, la Carta de Venezuela -- _aFulgencio Batista, la Carta de Cuba -- _aLa otra Faz. |
|
| 590 | _aInventariado, 2018/ YL | ||
| 600 | 1 | 4 |
_aPérez Jiménez, Marcos, _d1914 - 2001 _912979 |
| 600 | 1 | 4 |
_aBatista y Zaldivar, Fulgencio, _x1901 - 1973 _912980 |
| 600 | 1 | 4 |
_aSomoza García, Anastacio, _d1896 - 1956 _912696 |
| 600 | 1 | 4 |
_aTrujillo Molina, Rafael Leónidas, _d 1891-1961 _976764 |
| 651 | 0 |
_aRepública Dominicana _xPolítica y gobierno _y1930-1961 _978065 |
|
| 651 | 0 |
_aVenezuela _xPolítica y gobierno _926230 |
|
| 651 | 4 |
_aCuba _xPolítica y gobierno _9541 |
|
| 651 | 4 |
_aNicaragua _xPolítica y gobierno _910690 |
|
| 910 | _aValidado. Control de calidad MFF | ||
| 942 |
_2ddc _cLBS1 |
||
| 999 |
_c4227 _d4227 |
||